000 00511nam a2200169Ia 4500
008 090711s9999 xx 000 0 und d
082 _b7529
100 _aअत्रे प्रल्हाद के.
245 _aघराबाहेर
260 _c1946
300 _a104
600 _aअत्रे प्रल्हाद के.
630 _aघराबाहेर
700 _aअत्रे प्रल्हाद के.
730 _aघराबाहेर
942 _cBOOK
999 _c302976
_d302976